01004cam a2200241 a 450000100100000000500170001000800410002704000250006808200190009310000380011224500960015026000480024630000210029449000320031565000280034765000410037570000390041683000410045504900090049695201170050595201230062299900170074500001838420200929165503.0951212s1994 ck 000 p spa d aDO-SdBNPbspadBNPHU aU861.44bC222c1 aCanfield, Martha L.d1949-93981010aCaza de altura :bpoemas, 1968-1993 /cMartha L. Canfield ; prólogo de Gaetano Chiappini. aBogotá :bInstituto Caro y Cuervo,c1994. a214 p. ;c20 cm.1 aLa Granada entreabiertav70 4aPoesía uruguaya93846 4aLiteratura uruguayaySIGLO XX9163361 aChiappini, Gaetanoepról.939811 0aLa Granada entreabierta ;v70.98104 aBNGR 001050718MOaGRbGRcHDd2010-04-30iLF1l0oU861.44 C222cp18384-10r2020-06-25w2020-06-25y1ZNo se presta 001150718MOaGRbGRcMId2017-04-24iLF1l0oU861.44 C222cp18384-20r2020-06-25te. 2w2020-06-25y1ZNo se presta c17905d17905